Statistics for Winter Olympics - Snowboarding

Click here to take the quiz!

General Stats

  • This quiz has been taken 175 times
    (102 since last reset)
  • The average score is 17 of 22

Answer Stats

MedalsAnswer% Correct
31United States
100%
11Canada
95%
1China
91%
4Japan
91%
7Germany
89%
12France
86%
5Russia
86%
1Sweden
85%
13Switzerland
84%
3Italy
83%
4Norway
82%
4Finland
78%
1Spain
77%
1South Korea
76%
4Australia
75%
7Austria
75%
1New Zealand
63%
1Slovakia
60%
3Slovenia
60%
1Netherlands
52%
3Czech Republic
44%
2Great Britain
27%

Score Distribution

Percentile by Number Answered

Percent of People with Each Score

Your Score History

You have not taken this quiz since the last reset